Normal view
MARC view
Entry Personal Name
001 - CONTROL NUMBER
- control field: 15525
003 - CONTROL NUMBER IDENTIFIER
- control field: OSt
005 - DATE AND TIME OF LATEST TRANSACTION
- control field: 20260416133403.0
008 - FIXED-LENGTH DATA ELEMENTS
- fixed length control field: 260416|| aca||aabn | a|a d
040 ## - CATALOGING SOURCE
- Original cataloging agency: OSt
- Transcribing agency: OSt
100 ## - HEADING--PERSONAL NAME
- Personal name: Ramirez, Kristel T. Ma
670 ## - SOURCE DATA FOUND
- Source citation: Work cat.: (OSt)5747: AseƱas, Mary Grace C. 1517 author., The economic status of pedicab drivers in Dumaguete City /
